Detecció de necessitats específiques dels municipis de menys de 250 habitants del Berguedà en matèria d'activitat econòmica i ocupació : projecte per a la igualtat d'oportunitats i la qualitat de vida projecte per a la igualtat d'oportunitats i la qualitat de vida
Publicado:
Barcelona :
Diputació de Barcelona. Àrea de Promoció Econòmica i Ocupació, Consorci de Formació i Iniciatives Cercs-Berguedà, Pacte Territorial per a la Promoció Econòmica i l'Ocupació del Berguedà ,
2006
Descripción Física:
109 p. : quadres ; 30 cm
MARC
| LEADER | 00000nam a2200000Ia 4500 | ||
|---|---|---|---|
| 001 | 20834 | ||
| 008 | 160829s2006 xx 000 0 cat d | ||
| 080 | |a M-6-94 | ||
| 245 | |a Detecció de necessitats específiques dels municipis de menys de 250 habitants del Berguedà en matèria d'activitat econòmica i ocupació : |b projecte per a la igualtat d'oportunitats i la qualitat de vida | ||
| 260 | |a Barcelona : |b Diputació de Barcelona. Àrea de Promoció Econòmica i Ocupació, Consorci de Formació i Iniciatives Cercs-Berguedà, Pacte Territorial per a la Promoció Econòmica i l'Ocupació del Berguedà, |c 2006 | ||
| 300 | |a 109 p. : |b quadres ; |c 30 cm | ||
| 590 | |a Bibliografia | ||
| 650 | 0 | |a Programes d'acció positiva |z Berguedà (Catalunya) |9 41118 | |
| 650 | 0 | |a Desenvolupament econòmic |9 41370 |x Barcelona (Província) | |
| 700 | |a Consorci de Formació i Iniciatives Cercs-Berguedà |9 41119 | ||
| 700 | |a Pacte Territorial per a la Promoció Econòmica i l'Ocupació del Berguedà |9 41120 | ||
| 710 | 1 | |a Barcelona (Catalunya : Província). |b Àrea de Promoció Econòmica i Ocupació |9 17540 | |
| 901 | |a Arxiu | ||
| 942 | |n 1 |2 udc | ||
| 952 | |0 0 |1 0 |4 0 |6 M694 |7 1 |9 50058 |a Arxiu |b Arxiu |d 2016-12-01 |l 0 |o M-6-94 |p 20834 |r 2016-12-01 00:00:00 |w 2016-12-01 |y ARXIU | ||
| 999 | |c 53900 |d 53900 | ||